The shock doctrine: the rise of disaster capitalism

Salvato in:
Dettagli Bibliografici
Autore principale: Klein, Naomi (autor)
Natura: Libro
Lingua:inglese
Pubblicazione: Toronto Vintage Canada 2008
Edizione:1a. ed
Serie:Rincón Canadá
Soggetti:
Tags: Aggiungi Tag
Nessun Tag, puoi essere il primo ad aggiungerne!!

MARC

LEADER 00000cam a2200000 a 4500
001 UCE3683
003 CL-VaPUC
008 140911e20080000cn |||||||||||||||||eng|d
020 |a 9780676978018 
082 0 4 |a 306.342  |b KLE  |2 21 
100 |a Klein, Naomi  |e autor  |9 580451 
245 1 4 |a The shock doctrine: the rise of disaster capitalism 
250 |a 1a. ed 
300 |a 662 p 
942 |c BK 
945 |d 20140911 14:25:00  |a arojas 
260 |a Toronto  |b Vintage Canada  |c 2008 
650 0 |a Capitalismo  |9 255255 
650 7 |a PODER ECONOMICO  |2 CL-VaPUC  |9 338221 
650 7 |a RELACIONES ECONOMICAS INTERNACIONALES  |2 CL-VaPUC  |9 315315 
650 0 |a Política mundial  |9 255739 
583 |a last modification  |c 20140911 14:25:00  |k Rodrigo Vera 
490 0 |a Rincón Canadá 
999 |c 356870  |d 356868 
952 |0 0  |1 0  |3 erb  |4 0  |6 306_342000000000000_KLE_2008  |7 0  |8 A  |9 464628  |a BIBENE  |b BIBENE  |i 5114403  |o 306.342 KLE 2008  |p 5114403  |r 2025-01-15  |w 2019-11-23  |y BK  |z Catalogado en:20140911  |k ICO